[Event "Haarlemse Meesters 2019"]
[Site "Haarlem"]
[Date "2019.10.22"]
[Round "3.2"]
[White "Gijswijt, Bart"]
[Black "Lopez, Jasel"]
[Result "0-1"]
[WhiteElo "2387"]
[BlackElo "2409"]
[Annotator "TA"]
[PlyCount "50"]
[EventDate "2019.10.19"]
[EventType "tourn"]
[EventCountry "NED"]
[SourceTitle "playchess.com"]
[Source "ChessBase"]
[SourceQuality "1"]

{[%evp 21,50,22,27,20,21,-1,0,-13,7,-49,-39,-37,-17,-58,-54,-61,-70,-383,-381,-403,-420,-409,-416,-416,-407,-394,-320,-560,-479,-570,-553]} 1. d4 d5 2. c4 dxc4 3. Nf3 Nf6 4. Nc3 c6 5. a4 Bf5 6. e3 e6 7. Bxc4 Bb4 8. O-O Nbd7 9. Qe2 O-O 10. Rd1 Ne4 11. Nxe4 Bxe4 12. Ne1 {D19: Slav Defence: 5 a4 Bf5 6 e3: Main line with 9 Qe2} (12. Bd3 Bxd3 13. Rxd3 c5 14. b3 Qe7 15. Bb2 Nf6 16. Rad1 cxd4 17. Rxd4 Rac8 18. Rc4 Nd5 19. Rdc1 Rxc4 20. Rxc4 {½-½ (35) Nisipeanu,L (2693)-Jakovenko,D (2708) Foros 2007}) 12... Qe7 13. Nc2 Bd6 14. f3 {The position is equal.} Bd5 15. Bd3 (15. b3 $11) 15... e5 $15 16. e4 Bb3 $36 {[%mdl 2048] With the idea ...exd4. Black fights for an advantage.} 17. dxe5 $146 ({Predecessor:} 17. Be3 exd4 18. Bxd4 Ne5 19. Rd2 c5 20. Bxe5 Bxe5 {½-½ (32) Schmidlechner,A (2267)-Mostbauer,F (2019) Feldkirch 2013}) 17... Nxe5 {[%cal Bd7e5,Be5g4,Bg4e3][%mdl 32] [#] White must now prevent ...Rad8.} 18. Be3 Bc5 {Threatens to win with ...Rfd8.} 19. f4 $2 {[%mdl 8192]} ({White should play} 19. Rdc1 $1 $15) 19... Bxe3+ $19 20. Qxe3 Ng4 ({Weaker is} 20... Nxd3 21. Qxd3 Qc5+ 22. Ne3 $19) 21. Qd4 Rfd8 22. Qc3 Qh4 23. h3 Bxc2 24. Bxc2 $2 (24. Qxc2 Ne3 {[%mdl 64] Double Attack, Discovered Attack} 25. Qf2 Qxf2+ 26. Kxf2 Nxd1+ 27. Rxd1) 24... Qf2+ 25. Kh1 {[#]} Ne3 $1 {[%mdl 512] Accuracy: White = 33%, Black = 93%.} 0-1

[Event "Haarlemse Meesters 2019"]
[Site "Haarlem"]
[Date "2019.10.22"]
[Round "3.3"]
[White "De Strycker, Nathan"]
[Black "Peelen, Piet"]
[Result "0-1"]
[WhiteElo "2302"]
[BlackElo "2348"]
[Annotator "TA"]
[PlyCount "60"]
[EventDate "2019.10.19"]
[EventType "tourn"]
[EventCountry "NED"]
[SourceTitle "playchess.com"]
[Source "ChessBase"]
[SourceQuality "1"]

{[%evp 18,60,17,8,3,10,3,0,15,23,24,33,31,14,22,18,22,18,27,0,-1,-35,-22,-50,-43,-43,-34,-150,-135,-150,-154,-150,-154,-335,-331,-485,-490,-466,-458,-464,-468,-588,-567,-822,-819]} 1. d4 Nf6 2. c4 g6 3. Nf3 Bg7 4. g3 d5 5. cxd5 Nxd5 6. Bg2 Nb6 7. Nc3 Nc6 8. e3 O-O 9. O-O Re8 10. Re1 a5 {D76: Fianchetto Grünfeld: Main Line with 7...Nb6} (10... Bd7 11. h3 Qc8 12. Kh2 e5 13. d5 Na5 14. e4 Nac4 15. a4 a5 16. b3 Nd6 17. Ba3 Qd8 18. Rc1 {½-½ (52) Ding,L (2805)-Anand,V (2767) Stavanger 2019}) 11. h3 a4 12. Rb1 Be6 {The position is equal.} 13. Ng5 Bf5 14. e4 Bd7 15. d5 {[#]} Ne5 $146 ({Predecessor:} 15... Na5 16. Bf4 h6 17. Nf3 c6 18. Be5 Bxe5 19. Nxe5 cxd5 {1-0 (33) Hoffmann,M (2470)-Stohl,I (2560) Germany 1994}) 16. f4 Nec4 17. e5 f6 18. Ne6 (18. Nf3 {with more complications.} fxe5 19. fxe5 c6 20. b3 axb3 21. axb3 Na5 22. Ra1) 18... Bxe6 $1 19. dxe6 Qxd1 20. Rxd1 fxe5 21. Bxb7 Rad8 22. Re1 {[#]} ({White should try} 22. Be4 $15) 22... exf4 $1 $17 23. Bxf4 a3 24. Bxc7 axb2 25. Ne4 $2 (25. Bxd8 $17 Rxd8 26. Nb5) 25... Rd3 $19 26. Ba6 (26. Re2 {was necessary.}) 26... Ra3 {Black is clearly winning.} 27. Bb5 Rc8 28. Bxb6 Nxb6 29. Kf1 Nd5 30. Bd7 Rc2 {Accuracy: White = 33%, Black = 90%.} 0-1

[Event "Haarlemse Meesters 2019"]
[Site "Haarlem"]
[Date "2019.10.22"]
[Round "3.4"]
[White "Hainke, Guntram"]
[Black "Lahaye, Rick"]
[Result "1-0"]
[WhiteElo "2365"]
[BlackElo "2414"]
[Annotator "TA"]
[PlyCount "47"]
[EventDate "2019.10.19"]
[EventType "tourn"]
[EventCountry "NED"]
[SourceTitle "playchess.com"]
[Source "ChessBase"]
[SourceQuality "1"]

{[%evp 17,47,0,0,3,61,39,50,47,104,126,110,104,123,64,120,124,148,30,23,-91,-64,-82,-81,-85,-55,-98,0,10,29992,0,29993,29994]} 1. d4 Nf6 2. c4 e6 3. Nc3 Bb4 4. e3 c5 5. Nge2 cxd4 6. exd4 d5 7. a3 Bxc3+ 8. Nxc3 dxc4 9. Bxc4 Nc6 10. Be3 {E42: Nimzo-Indian: Rubinstein: 4...c5 5 Ne2} Ne7 (10... b6 $11) (10... O-O 11. O-O h6 12. Re1 Ne7 13. Qf3 Nfd5 14. Rad1 Bd7 15. Bxd5 Nxd5 16. Nxd5 exd5 17. Qxd5 Ba4 18. Qxd8 Rfxd8 19. Rc1 Bc6 {½-½ (31) Mchedlishvili,M (2609)-Laznicka,V (2651) Baku 2016}) 11. O-O O-O 12. Bg5 {White is slightly better.} Qb6 $146 (12... Nf5 $14) ({Predecessor:} 12... Bd7 13. Re1 Bc6 14. Bxf6 gxf6 15. Qd2 Kh8 16. Rad1 {½-½ (16) Zueger,B (2445)-Gruen,G (2380) Berlin West 1988}) 13. Bxf6 $1 $16 gxf6 14. Ne4 Kg7 15. Qd2 (15. Qd3 $16) 15... Nf5 (15... Rd8 $14) 16. Rad1 Rd8 {[%cal Rf5d4]} 17. d5 (17. Qe2 $1 $16) 17... exd5 $11 {And now ...Be6 would win.} 18. Ba2 (18. Nc3 $11) 18... Be6 $17 19. Ng3 Nxg3 20. hxg3 d4 $1 21. Bb1 {[#]} Bg4 (21... d3 $1 $17 {[%mdl 512]}) 22. Qd3 $1 $11 {[%cal Rd3h7]} Bxd1 $4 {[%mdl 8192]} (22... Rh8 $11 23. f3 Be6) 23. Qxh7+ Kf8 {White must now prevent ...Bg4.} 24. Re1 {Accuracy: White = 50%, Black = 24%.} 1-0

[Event "Haarlemse Meesters 2019"]
[Site "Haarlem"]
[Date "2019.10.22"]
[Round "3.5"]
[White "Welling, Gerard"]
[Black "Tondivar, Babak"]
[Result "1-0"]
[WhiteElo "2302"]
[BlackElo "2324"]
[Annotator "TA"]
[PlyCount "54"]
[EventDate "2019.10.19"]
[EventType "tourn"]
[EventCountry "NED"]
[SourceTitle "playchess.com"]
[Source "ChessBase"]
[SourceQuality "1"]

{[%evp 21,54,0,0,-12,-18,-7,0,0,0,0,0,-8,-12,-8,-21,-27,-27,-6,68,-19,-7,-16,-15,-34,0,-106,230,217,278,272,911,895,1138,1072,1004]} 1. d4 d5 2. Nf3 Nf6 3. e3 e6 4. Bd3 c5 5. c3 Bd6 6. O-O O-O 7. Nbd2 Nbd7 8. e4 cxd4 9. cxd4 dxe4 10. Nxe4 Nxe4 11. Bxe4 Nf6 12. Bc2 {D05: Colle System with ...e6} (12. Bg5 Bd7 13. Ne5 Bb5 14. Ng4 Be7 15. Nxf6+ Bxf6 16. Bxf6 gxf6 17. Re1 f5 18. Bxb7 Rb8 19. Bf3 Bc4 {½-½ (70) Georgiev,V (2566)-Riff,J (2499) Mulhouse 2010}) 12... b6 13. Bg5 Bb7 14. Qd3 {[#] Hoping for Bxf6.The position is equal.} g6 15. Rfe1 Rc8 16. Bb3 $146 ({Predecessor:} 16. Ba4 Kg7 17. Rad1 Be7 18. a3 Bxf3 19. Qxf3 Qd5 20. Bxf6+ {½-½ (20) Hoi,C (2405)-Sorensen,T (2275) Denmark 1986}) 16... Be7 17. Bh6 Re8 $1 18. Ne5 Bf8 19. Bg5 {Qh3 is the strong threat.} Bg7 ({Better is} 19... h6 $11 20. Bd2 Bg7) 20. Qh3 ({White should try} 20. Ng4 $1 $14) 20... Qd6 $1 $11 21. Rad1 b5 22. Rd3 Bd5 23. Rf3 (23. Qh4 $11 {remains equal.} Nd7 24. Rh3) 23... Qb4 $2 {[%mdl 8192] [#]} (23... Bxf3 $17 {and life is bright.} 24. Qxf3 Qe7) 24. Nd3 $1 $18 {[%cal Rd3b4]} Qxd4 25. Bxf6 $1 Bxf3 $2 (25... Bxf6 26. Rf4 Bxg2 27. Kxg2 Qd8) 26. Bxd4 Bxg2 27. Kxg2 Bxd4 {Accuracy: White = 43%, Black = 41%.} 1-0

[Event "Haarlemse Meesters 2019"]
[Site "Haarlem"]
[Date "2019.10.22"]
[Round "4.1"]
[White "Lahaye, Rick"]
[Black "Peelen, Piet"]
[Result "1-0"]
[WhiteElo "2414"]
[BlackElo "2348"]
[Annotator "TA"]
[PlyCount "91"]
[EventDate "2019.10.19"]
[EventType "tourn"]
[EventCountry "NED"]
[SourceTitle "playchess.com"]
[Source "ChessBase"]
[SourceQuality "1"]

{[%evp 9,119,-4,0,-2,-5,-7,33,30,41,-41,-19,-55,-65,-84,-34,-27,-47,-43,-21,-23,14,19,31,0,0,-31,-32,-31,-25,-72,-65,-124,-44,-43,-52,-66,-42,-99,-99,-131,-129,-110,-109,-211,-232,-306,-177,-171,-161,-155,-146,-242,-152,-81,-130,-145,-101,-252,0,0,642,643,642,632,632,578,555,548,668,668,658,658,627,618,555,527,508,501,473,434,1058,970,871,460,460,448,429,418,429,421,514,480,576,566,614,592,631,577,682,676,765,2207,1667,1593,1719,1718,6565,5309,6565,6565,6558,6558]} 1. c4 g6 2. Nc3 Bg7 3. e3 (3. g3 c5 4. Bg2 Nc6 5. e3 e6 6. Nge2 Nge7 7. O-O O-O 8. d4 cxd4 9. exd4 d5 10. cxd5 Nxd5 11. Nxd5 exd5 12. Be3 Be6 13. Qd2 Re8 14. Nf4 Qd7 15. Rfe1 Ne7 16. Nxe6 Qxe6 17. Bf4 Qd7 18. Be5 Nc6 19. Bxg7 Kxg7 20. h4 h6 21. Qf4 Rad8 22. Rad1 Rxe1+ 23. Rxe1 Qd6 24. Qd2 Qf6 25. Rd1 Qd6 26. Re1 Qf6 27. Rd1 Qd6 28. Re1 {½-½ (28) Matlakov,M (2700)-Grischuk,A (2771) St Petersburg 2018}) 3... c5 4. Nge2 Nf6 5. Nf4 Nc6 $146 ({Predecessor:} 5... e5 6. Nfd5 Nxd5 7. Nxd5 Nc6 8. g3 d6 9. Bg2 Be6 10. d3 O-O {1-0 (50) Glienke,M (2279)-Roehl,R (2154) Germany 2015}) 6. Be2 {A10: English Opening: Unusual Replies for Black} O-O 7. d4 d6 8. d5 {White is slightly better.} Ne5 9. h3 (9. h4 $14) 9... a6 (9... g5 $5 {[%cal Rg5f4]} 10. Nd3 Nxc4 $15) 10. g4 {[#]} b5 $1 {[%mdl 512]} 11. g5 (11. cxb5 axb5) 11... Ne8 12. cxb5 axb5 13. Nxb5 Ba6 14. a4 Nf3+ 15. Bxf3 Bxb5 $1 16. Ra3 Ba6 17. Be2 Nc7 {[%mdl 1024] Black has compensation.} 18. h4 Qb8 19. h5 Qb4+ ({Wrong is} 19... Bxb2 $2 20. Rb3 $18) 20. Kf1 ({Better is} 20. Qd2 $15) 20... Qe4 (20... Bxb2 $17 21. Rb3 Bxe2+ 22. Kxe2 Qc4+ 23. Qd3 Qxd3+ 24. Kxd3 Be5) 21. Rh4 $15 Bxe2+ 22. Kxe2 {Black must now prevent Nxg6.} Qf5 23. e4 ({White should play} 23. Nh3 $15) 23... Qxe4+ $17 24. Kf1 Qb1 25. Ne2 Rab8 26. Rah3 (26. Re3 $17) 26... Rxb2 $19 27. hxg6 hxg6 (27... fxg6 $142 {Threatens to win with ...Bd4!} 28. Rd3 Rb4 29. Rxb4 Qxb4) 28. Nc3 Bxc3 $1 29. Rxc3 {aiming for Rch3.} Rb4 30. Rh2 (30. Rh6 $17 Rd4 31. Qe1) 30... f5 {And now ...Rd4 would win.} 31. gxf6 Rxf6 {Strongly threatening ...Rd4!} 32. Rch3 {Threatening mate with Rh8+.} Ne8 33. Qd2 $2 (33. Qe1 $17) 33... Rbf4 $2 ({Weaker is} 33... Rxa4 34. Rh8+ Kf7 35. R2h7+ Ng7 36. Rxg7+ $1 {[%mdl 512]} Kxg7 37. Qh6+ Kf7 38. Qh7#) ({Black should try} 33... Rff4 $19 34. Qe1 (34. Rh8+ $2 Kf7 $17) 34... Rbe4) 34. Qe1 $11 Ng7 $2 {[%mdl 8192]} (34... Rb4 $11) 35. Bxf4 $18 Qxe1+ 36. Kxe1 Rxf4 {[%mdl 4096] Endgame KRR-KRN} 37. Rh4 Rf5 38. a5 Re5+ 39. Kf1 Rxd5 {[#]} 40. Ra4 $1 Ne6 41. a6 Rd1+ 42. Ke2 Rb1 43. a7 Rb2+ 44. Kf1 Rb1+ {[#]} (44... Nc7 $142 45. a8=Q+ Nxa8) 45. Kg2 $1 Nc7 46. Re4 {Played: Ra4-a6} 1-0

[Event "Haarlemse Meesters 2019"]
[Site "Haarlem"]
[Date "2019.10.22"]
[Round "4.2"]
[White "Lopez, Jasel"]
[Black "Welling, Gerard"]
[Result "1-0"]
[WhiteElo "2409"]
[BlackElo "2302"]
[Annotator "TA"]
[PlyCount "51"]
[EventDate "2019.10.19"]
[EventType "tourn"]
[EventCountry "NED"]
[SourceTitle "playchess.com"]
[Source "ChessBase"]
[SourceQuality "1"]

{[%evp 11,51,18,20,23,32,29,33,35,41,37,37,22,45,30,47,-18,8,-15,7,0,1,0,41,34,41,32,110,113,116,103,91,89,163,161,163,163,163,154,163,163,237,222]} 1. d4 Nf6 2. c4 c6 3. Nc3 d5 4. Nf3 dxc4 5. a4 a5 6. e4 Bg4 $1 7. Bxc4 {aiming for Ne5! D16: Slav Defence: 5 a4: Lines with 5...Bg4 and 5...Na6} (7. Be3 e6 8. Bxc4 Bb4 9. Qc2 Bh5 10. Ne5 Nfd7 11. O-O O-O 12. Nd3 Na6 13. Bxa6 Rxa6 14. Nxb4 axb4 15. Na2 f5 16. exf5 exf5 17. Nxb4 {1-0 (32) So,W (2812)-Jobava,B (2707) Leuven 2017}) 7... Bxf3 8. gxf3 e6 9. Be3 {White is slightly better.} Nbd7 $146 ({Predecessor:} 9... Na6 10. O-O Nb4 11. Kh1 Qd7 12. Qe2 g6 13. d5 e5 14. Rad1 Qc8 {1-0 (44) Murali Krishnan,B (2366)-Sanjeev,B (2029) New Delhi 2012}) 10. O-O Bb4 11. Kh1 O-O 12. Rg1 Kh8 13. e5 (13. Qf1 $14) 13... Nd5 14. Ne4 Be7 15. Rg3 f5 {[#] Strongly threatening ...f4.} 16. exf6 gxf6 17. Bh6 $36 {[%mdl 2048] White has some pressure.} Rg8 18. Qe2 Rxg3 (18... Rg6 $1 $14 19. Rxg6 hxg6) 19. hxg3 $16 Bf8 20. Bxf8 Qxf8 21. Kg2 Qg7 (21... Re8 $16 {might work better.}) 22. Bxd5 $1 $18 {White is clearly better.} exd5 23. Nd6 Nf8 {[#] ...Qd7 is the strong threat.} 24. Re1 Ng6 {Hoping for ...Nf4+.} 25. Kf1 Rf8 (25... Rd8 $142) 26. Qe6 {Accuracy: White = 55%, Black = 29%.} 1-0

[Event "Haarlemse Meesters 2019"]
[Site "Haarlem"]
[Date "2019.10.22"]
[Round "4.3"]
[White "Moucheroud, Jeremy"]
[Black "Gijswijt, Bart"]
[Result "1/2-1/2"]
[WhiteElo "2294"]
[BlackElo "2387"]
[Annotator "TA"]
[PlyCount "85"]
[EventDate "2019.10.19"]
[EventType "tourn"]
[EventCountry "NED"]
[SourceTitle "playchess.com"]
[Source "ChessBase"]
[SourceQuality "1"]

{[%evp 9,85,20,38,29,39,22,41,41,25,31,27,33,33,26,18,19,18,22,33,22,45,36,25,39,30,40,41,41,45,41,42,37,31,38,30,35,29,26,33,36,41,35,34,0,0,0,0,0,0,-20,-20,-47,-28,-29,-32,-30,-43,-33,-37,-35,0,-50,-50,-59,-31,-50,-4,-35,-15,-26,-18,-21,-18,-25,0,0,0,0]} 1. e4 c6 2. d4 d5 3. e5 c5 4. dxc5 Nc6 5. a3 ({Predecessor:} 5. Nf3 e6 {½-½ (36) Mulder,J (2150)-Zaas,P (2224) ICCF email 2014}) 5... e6 6. Nf3 $1 {B12: Caro-Kann: Advance Variation} Bxc5 7. b4 Bb6 8. Bb2 $146 {White is slightly better.} (8. b5 Nb8 9. Bb2 a6 10. a4 Nh6 11. Be2 axb5 12. axb5 Rxa1 13. Bxa1 {1-0 (40) Grischuk,A (2771)-Navara,D (2739) Shamkir 2019}) 8... Nge7 9. Bd3 Ng6 10. O-O O-O 11. Re1 f6 12. exf6 gxf6 13. c4 Nf4 14. Bf1 e5 15. Bc1 dxc4 $1 16. Bxf4 {[#] aiming for Bh6.} Qxd1 17. Bxc4+ Kg7 18. Rxd1 {Be3 is the strong threat.} exf4 19. Nc3 Bg4 20. Ne2 Rfe8 21. Kf1 Ne5 22. Bd5 Rac8 23. Ra2 Red8 24. Rad2 Nxf3 25. gxf3 Bh3+ 26. Kg1 Bc7 $1 27. Bxb7 Rxd2 28. Rxd2 Re8 29. Ba6 Kh6 30. Rc2 Bb6 {[#] And now ...Rg8+ would win.} 31. Bc4 Re5 32. Kh1 Bxf2 {Hoping for ...Rg5.} 33. Ng1 Bxg1 34. Kxg1 $15 {[%mdl 4096] Endgame KRB-KRB} Re3 35. Bd5 Rxa3 36. Kf2 Rd3 37. Be4 Rd7 38. Ke2 Re7 {Threatens to win with ...f5.} 39. Kf2 Rg7 40. Rc6 Kg5 41. Ra6 Re7 42. Ra5+ Kh6 43. Bf5 {Accuracy: White = 71%, Black = 70%.} 1/2-1/2

[Event "Haarlemse Meesters 2019"]
[Site "Haarlem"]
[Date "2019.10.22"]
[Round "4.4"]
[White "Tondivar, Babak"]
[Black "De Strycker, Nathan"]
[Result "1-0"]
[WhiteElo "2324"]
[BlackElo "2302"]
[Annotator "RC"]
[PlyCount "45"]
[EventDate "2019.10.19"]
[EventType "tourn"]
[EventCountry "NED"]
[SourceTitle "playchess.com"]
[Source "ChessBase"]
[SourceQuality "1"]
[TimeControl "40/5400+30:1800+30"]

1. g3 {[%emt 0:00:00]} d5 {[%emt 0:00:00]} 2. Nf3 {[%emt 0:00:00]} g6 {[%emt 0:00:37]} 3. Bg2 {[%emt 0:00:02]} Bg7 {[%emt 0:00:12]} 4. c4 {[%emt 0:00:18]} d4 {[%emt 0:02:15]} 5. d3 {[%emt 0:00:20]} e5 {[%emt 0:00:11]} 6. b4 {[%emt 0:01:14]} Ne7 {[%emt 0:00:11]} 7. O-O {[%emt 0:00:38]} O-O {[%emt 0:00:06]} 8. a4 {[%emt 0:03:00]} a5 {[%emt 0:05:56]} 9. b5 {[%emt 0:01:02]} c5 {[%emt 0:02:36]} 10. Ra2 {[%emt 0:02:35]} h6 {[%emt 0:18:30]} 11. e3 {[%emt 0:01:26]} Nd7 {[%emt 0:04:19]} 12. exd4 {[%emt 0:00:40]} exd4 {[%emt 0:01:09]} 13. Re1 {[%emt 0:01:43]} g5 {[%emt 0:09:48]} 14. h4 {[%emt 0:19:05]} g4 {[%emt 0:00:04]} 15. Nfd2 {[%emt 0:00:28]} f5 {[%emt 0:05:55]} 16. Nb3 {[%emt 0:08:42]} Ng6 {[%emt 0:07:36]} 17. h5 {[%emt 0:06:12]} Nge5 {[%emt 0:02:52]} 18. Bf4 {[%emt 0:00:26]} Nf7 {[%emt 0:06:20]} 19. Rae2 {[%emt 0:02:37]} Ra7 {[%emt 0:04:21]} 20. b6 {[%emt 0:07:58]} Qxb6 {[%emt 0:03:00]} 21. Na3 {[%emt 0:00:22]} Qb4 {[%emt 0:03:24]} 22. Nb5 {[%emt 0:00:21]} Ra6 {[%emt 0:00:06]} 23. Ra2 {[%emt 0:04:29]} 1-0

[Event "Haarlemse Meesters 2019"]
[Site "Haarlem"]
[Date "2019.10.22"]
[Round "4.5"]
[White "Hainke, Guntram"]
[Black "De Ruiter, Danny"]
[Result "1/2-1/2"]
[WhiteElo "2365"]
[BlackElo "2268"]
[Annotator "TA"]
[PlyCount "74"]
[EventDate "2019.10.19"]
[EventType "tourn"]
[EventCountry "NED"]
[SourceTitle "playchess.com"]
[Source "ChessBase"]
[SourceQuality "1"]

{[%evp 11,74,3,6,3,11,8,10,8,20,14,23,16,18,21,18,23,15,12,10,8,0,0,8,0,0,-2,-4,-4,-2,-3,-3,-11,0,-10,-10,0,0,-14,-22,-14,-14,-39,-29,-35,0,0,0,0,0,0,0,0,0,0,0,0,0,0,0,0,0,0,0,0,0]} 1. d4 d5 2. c4 c6 3. Nf3 Nf6 4. e3 Bf5 5. Nc3 e6 6. Be2 h6 7. Bd3 {D12: Slav Defence: 3 Nf3 Nf6 4 e3 Bf5} Bxd3 8. Qxd3 Nbd7 9. O-O Bd6 (9... Bb4 10. Bd2 a5 11. a3 Be7 12. Rad1 Qb6 13. Bc1 Qa6 14. b3 O-O {0-1 (37) Alonso Rosell,A (2559)-Gledura,B (2630) Skopje 2019}) 10. e4 dxe4 11. Nxe4 Nxe4 12. Qxe4 O-O 13. b3 Qe7 14. Bb2 Ba3 $146 ({Predecessor:} 14... Nf6 15. Qe2 Rfd8 {0-1 (52) Nguyen,V (1863)-Nguyen,Q (2182) Ho Chi Minh City 2019}) 15. Qc2 a5 {[%cal Ba7a5,Ba5a4][%mdl 32]} 16. Rfd1 Rfc8 17. Rd3 b5 18. c5 Bxb2 19. Qxb2 a4 20. b4 Nf6 21. Ne5 Nd7 22. Re1 Rc7 23. Qd2 Rd8 24. Rd1 Nxe5 25. dxe5 Rd5 $1 26. Rxd5 exd5 $11 {[%mdl 4096] Endgame KQR-KQR} 27. f4 f6 28. Re1 $1 {The position is equal.} fxe5 29. Rxe5 Qf6 30. Qe3 Kf7 31. Qh3 {[#] Black must now prevent Rf5.} Kg8 32. Qe6+ Rf7 33. g3 Qxe6 34. Rxe6 Rf6 35. Rxf6 gxf6 36. f5 Kg7 37. h4 h5 {Accuracy: White = 70%, Black = 72%.} 1/2-1/2

[Event "Haarlemse Meesters 2019"]
[Site "Haarlem"]
[Date "2019.10.23"]
[Round "5.1"]
[White "De Strycker, Nathan"]
[Black "Lopez, Jasel"]
[Result "1/2-1/2"]
[WhiteElo "2302"]
[BlackElo "2409"]
[Annotator "ChessBase"]
[PlyCount "111"]
[EventDate "2019.10.19"]
[EventType "tourn"]
[EventCountry "NED"]
[SourceTitle "playchess.com"]
[Source "ChessBase"]
[SourceQuality "1"]
[TimeControl "40/5400+30:1800+30"]

1. Nf3 {[%emt 0:00:00]} d5 {[%emt 0:00:13]} 2. e3 {[%emt 0:00:00]} Nf6 {[%emt 0:01:55]} 3. d4 {[%emt 0:00:50]} e6 {[%emt 0:03:43]} 4. c4 {[%emt 0:00:34]} Be7 {[%emt 0:00:27]} 5. Nc3 {[%emt 0:02:02]} O-O {[%emt 0:00:55]} 6. Be2 {[%emt 0:07:12]} c5 {[%emt 0:01:18]} 7. cxd5 {[%emt 0:02:03]} exd5 {[%emt 0:00:08]} 8. dxc5 {[%emt 0:00:57]} Bxc5 {[%emt 0:00:12]} 9. O-O {[%emt 0:01:40]} a6 {[%emt 0:00:34]} 10. Nd4 {[%emt 0:11:30]} Nc6 {[%emt 0:00:55]} 11. Nxc6 {[%emt 0:07:49]} bxc6 {[%emt 0:00:09]} 12. b3 {[%emt 0:01:59]} Qd6 {[%emt 0:07:42]} 13. Bb2 {[%emt 0:03:26]} Bb6 {[%emt 0:01:25]} 14. Bf3 {[%emt 0:06:53]} Re8 {[%emt 0:01:53]} 15. Re1 {[%emt 0:07:40]} Bf5 {[%emt 0:03:12]} 16. Ne2 {[%emt 0:01:12]} Ne4 {[%emt 0:07:30]} 17. Bxe4 {[%emt 0:00:18]} Bxe4 {[%emt 0:00:14]} 18. Ng3 {[%emt 0:00:15]} Bg6 {[%emt 0:14:27]} 19. Qg4 {[%emt 0:00:23]} Bc7 {[%emt 0:09:34]} 20. Bxg7 {[%emt 0:07:52]} Qe6 {[%emt 0:18:40]} 21. Qxe6 {[%emt 0:07:42]} fxe6 {[%emt 0:00:14]} 22. Bb2 {[%emt 0:01:46]} Bxg3 {[%emt 0:00:12]} 23. hxg3 {[%emt 0:00:04]} a5 {[%emt 0:06:32]} 24. Rac1 {[%emt 0:02:04]} Ra6 {[%emt 0:00:05]} 25. Be5 {[%emt 0:02:33]} Re7 {[%emt 0:01:30]} 26. Rc5 {[%emt 0:03:16]} Rb7 {[%emt 0:00:05]} 27. Rec1 {[%emt 0:05:00]} Be8 {[%emt 0:00:06]} 28. Bc3 {[%emt 0:01:37]} Rb5 {[%emt 0:09:25]} 29. Bd2 {[%emt 0:00:05]} a4 {[%emt 0:00:20]} 30. b4 {[%emt 0:02:44]} Rxc5 {[%emt 0:00:24]} 31. Rxc5 {[%emt 0:00:23]} Bg6 {[%emt 0:00:05]} 32. a3 {[%emt 0:01:39]} Bd3 {[%emt 0:00:08]} 33. g4 {[%emt 0:00:37]} Bc4 {[%emt 0:00:14]} 34. Kh2 {[%emt 0:01:38]} Kf7 {[%emt 0:00:28]} 35. Kg3 {[%emt 0:02:29]} e5 {[%emt 0:02:15]} 36. e4 {[%emt 0:00:54]} Ke6 {[%emt 0:00:27]} 37. exd5+ {[%emt 0:00:13]} cxd5 {[%emt 0:00:56]} 38. Rc7 {[%emt 0:01:05]} Bd3 {[%emt 0:10:28]} 39. f4 {[%emt 0:04:36]} exf4+ {[%emt 0:00:00]} 40. Bxf4 {[%emt 0:00:54]} Kf6 {[%emt 0:00:00]} 41. Be3 {[%emt 0:32:43]} Ke5 {[%emt 0:02:45]} 42. Re7+ {[%emt 0:00:00]} Kd6 {[%emt 0:00:55]} 43. Bc5+ {[%emt 0:00:00]} Kc6 {[%emt 0:00:12]} 44. Kf4 {[%emt 0:00:00]} Kb5 {[%emt 0:01:17]} 45. Ke3 {[%emt 0:00:00]} Kc4 {[%emt 0:12:10]} 46. Bd4 {[%emt 0:00:00]} Bf1 {[%emt 0:00:03]} 47. b5 {[%emt 0:00:00]} Kxb5 {[%emt 0:00:19]} 48. Rb7+ {[%emt 0:00:00]} Kc6 {[%emt 0:00:02]} 49. Rxh7 {[%emt 0:00:00]} Bxg2 {[%emt 0:00:04]} 50. g5 {[%emt 0:00:00]} Be4 {[%emt 0:00:04]} 51. Rf7 {[%emt 0:00:00]} Kb5 {[%emt 0:00:16]} 52. Rb7+ {[%emt 0:00:00]} Kc6 {[%emt 0:00:03]} 53. Rb4 {[%emt 0:00:00]} Kd6 {[%emt 0:00:44]} 54. Kf4 {[%emt 0:00:00]} Ke6 {[%emt 0:00:19]} 55. Rb7 {[%emt 0:00:00]} Rc6 {[%emt 0:00:15]} 56. Rb6 {[%emt 0:00:00]} 1/2-1/2